000 00257nam a2200109Ia 4500
008 231212s1988 xx 000 0 und d
041 _aeng
082 _a623.38154
100 _aDean
245 _aDean`s Big Book Of Answer
260 _aBombay
_bMc Graw
_c1988
999 _c960327
_d960327